Statistics for They Shoot Pictures, Don't They? - films 701 to 720

Click here to take the quiz!

General Stats

  • This quiz has been taken 15 times
  • The average score is 6 of 20

Answer Stats

Answer% Correct
Robocop
92%
A Hard Day's Night
54%
Akira
46%
Carol
46%
Ace in the Hole
38%
Rushmore
38%
The Circus
38%
The Manchurian Candidate
38%
Gimme Shelter
31%
New York, New York
31%
Wake in Fright
31%
4 Months, 3 Weeks and 2 Days
23%
The Big Heat
23%
Antonio das Mortes
15%
Flaming Creatures
15%
Love Me Tonight
15%
Sauve qui peut (la vie)
15%
Soleil Ô
15%
The Great Beauty
15%
The Tiger of Eschnapur
15%

Score Distribution

Percentile by Number Answered

Percent of People with Each Score

Your Score History

You have not taken this quiz